Fini les paroles : Damso - Statistiques

Statistiques générales
  • Ce quiz a été pris 295 fois
  • Le résultat moyen est 11 sur 30
Statistiques - réponses
Chansons Nombre de mots manquants Paroles Réponse % Correct
Θ. Macarena 1 De ce que notre relation va devenir
Mais pour lui ce n'est pas le cas
Il a d'jà un taf, il fait le mec...
Mature
92%
Amnésie 1 J'la trouvais pas bonne et j'voulais qu'elle le sache Dans la méchanceté j'me sentais si bien J'étais loin d'imaginer son... Quotidien
61%
Γ. Mosaïque solitaire 3 J'perds la raison à cause de mes torts C'est ça qu'ça fait d'toujours bosser la nuit J'fume de trop, j'fais... Plus de sport
55%
Δ. Dieu ne ment jamais 5 Je tire et je fume, j'm'en vais sur la lune, loin des perquis' à Argenteuil Esprit torturé, douleur intestinale, j'ai avalé méchanceté de l'Homme J'l'ai digéré, j'ai pris le bien du mal, j'me sens comme... Adam juste avant la pomme
53%
Feu de bois 4 Sentiments plongés dans l'néant Pluie, averses de ressentis mais silence prend les devants Je t'aime quand je suis dedans, dehors, je... Suis plein de mépris
52%
Ζ. Kietu 3 C'est qu'j't'aurai tout donné sans recevoir en retour J'suis un poumon dans un fumoir J'respire le bien mais il n'y a que du... Mal tout autour
47%
E. Signaler 3 J't'emmènerai sur la lune, dès qu'j'termine de faire ma thune Des maîtresses j'en ai pas qu'une, donc attends qu'j'te fasse signe Tout seul dans ma bulle, solitaire... Ma seule lacune
47%
Graine de sablier 2 Je l'ai doigtée, tu ne la pointes que du doigt Ton cercueil, il n'y a que là que j'ai touché du bois Tu me fais chier comme Arthur au... Nouvel an
47%
Autotune 1 Blonde platine, elle fait sa Khaleesi Dragon dans la queue je l'encendre Avocate du diable, elle me donne le... Barreau
44%
Σ. MOROSE 1 Douce et sévère, d'l'amande douce a l'ammoniaque T'aimes le bandit que je suis, té-ma la vue quand tu me suis Tu comptes sur mes économies, t'es ma pute que pour... Aujourd'hui
43%
Smog 2 Prends exemple sur ma bite noire et prête à tout niquer Ça sera toujours pour le fric, dis pas "j't'aime pour c'que t'es" Le succès, c'est quand les flics t'arrêtent que... Pour discuter
43%
BruxellesVie 1 J'me sens au-dessus des autres comme une kippa Je crois ni en l'amour ni en Vitaa J'creuse l'écart comme les cuisses de... Nikita
41%
Alpha 2 Tu connais la noche tequila Sol J'pars en couilles, j'sors mes démons sur son gros tard-pé La soirée est rentable j'commets l'attentat, j'ai fini dans... Sa story
39%
Julien 4 Hôpitaux réputés, psychologues marginaux, séances aux montants faramineux, plein Paris Nord Aime les gens mais les gens l'aiment pour c'qu'il n'est pas, constamment dans la gêne causée par ses tords Julien c'est ton voisin, Julien... C'est ton mari
37%
Silence 4 J'veux qu'tu me devines, que tu meurs de moi Viens dans ma tête, ne dis plus un mot Je serai ton paradis, si l'... Enfer est l'autre
37%
911 2 Ok, va dire à mama qu't'as rencontré l'homme de ta vie P'tite punchline zarma romantique, j'crois qu'ça y est Éclaboussure sur des lèvres, enchanté... De revivre
31%
Œveillé 1 Mais comme beaucoup d'hommes J'n'ai pas du tout eu ce que je voulais, de loin comme de près J'ai plus fait la guerre que fait l'... Amour
29%
BPM 1 Voyez malandrin sans trop de vergogne C'est dans ta maman que je performe J'm'en bats les couilles qu't'aies fait la... Sorbonne
29%
SENTIMENTAL 3 27 ans qu'j'tourne autour du soleil Pourtant, j'n'ai toujours pas vu la lumière Cinq années qu'on fait qu'se dire... Je t'aime
27%
Impardonnable 6 C'est comme ça qu'on aime T'es en compétition tout seul, mais bon, bravo quand même J'te laisse la couronne, je prends... Le royaume et les vraies sommes
27%
Pa Pa Paw 4 Tous les jours, je le sens Ton train d'vie coûte cher Je crois que j'vais... Perdre de l'argent
27%
Α. Nwaar Is The New Black 3 Dieu, Satan, enfer et paradisLes pauvres immigrés, les africains qui prient Attendent des miracles mais ne voient... Que des tombes
26%
N. J Respect R 4 Pour bien te manquer de respect Car depuis qu'on se connaît Nan, jamais tu... Ne m'as phoné
25%
Schéma 2 J'ai l'impression d'appeler une pote que j'baise très rarement Mais qui m'manque constamment, à qui j'mens consciemment Ça devient dur mentalement d'... la tromper
21%
Perplexe 2 Violente est ma douceur, n'aies pas si peurPar quatre chemins je n'irai pas, j'te dis: "je t'aime" Par quatre lèvres, bouche et teu-chas, j'viens pour... Te ken
19%
Tueurs 2 Mon vécu est ivre mort, rêvasse sur son sort
Toujours à penser qu'il sera libre
Mais la vraie prison s'trouve dehors, proche...
Des coffres-forts
18%
TieksVie 5 Ta pisse est froide car petit phallus, Étranger comme Albert Camus J'la baise, elle crie comme Dion Céline, avale avant que le me-sper périme Ouais, j'lui ai tout mis dans la bouche... Pour pas déranger la voisine
16%
Paris c'est loin 3 Amis et frères, y a pas plus dangereux Mais moins qu'une femme qui te ment dans les yeux Ça fait... Parti du jeu
15%
DAMSAUTISTE 1 Ou tu fais comme ces fils de pute à perpétuité Les politiciens sont des gens qui se disputent Avec plus de... Vocabulaire
14%
JCVDEMS 3 J'crois qu'j'fais plus partie d'la norme, nanJ'rêve de paix, mais je dors dans la guerre J'finirai pas comme... Didier et Robert
12%
Aucun quiz correspondant
Distribution des résultats
% des personnes avec chaque résultat
Percentile par nombre de réponses
Votre historique - résultats
Vous n’avez pas pris ce quiz